Fluid mechanics and its applications (Record no. 65110)

000 -LEADER
fixed length control field 00462nam a22001697a 4500
003 - CONTROL NUMBER IDENTIFIER
control field NUST - PNEC
005 - DATE AND TIME OF LATEST TRANSACTION
control field 20170116180906.0
008 - FIXED-LENGTH DATA ELEMENTS--GENERAL INFORMATION
fixed length control field 150902b xxu||||| |||| 00| 0 eng d
020 ## - INTERNATIONAL STANDARD BOOK NUMBER
International Standard Book Number 0852263422
040 ## - CATALOGING SOURCE
Transcribing agency LIBRARY
082 ## - DEWEY DECIMAL CLASSIFICATION NUMBER
Classification number 620.106 GUP
100 ## - MAIN ENTRY--PERSONAL NAME
9 (RLIN) 6678
Personal name Gupta, Vijay, Professor
245 ## - TITLE STATEMENT
Title Fluid mechanics and its applications
Statement of responsibility, etc. Vijay Gupta and Santosh K. Gupta
260 ## - PUBLICATION, DISTRIBUTION, ETC.
Date of publication, distribution, etc. c.1984
650 ## - SUBJECT ADDED ENTRY--TOPICAL TERM
9 (RLIN) 6681
Topical term or geographic name entry element Fluid mechanics
General subdivision ME
942 ## - ADDED ENTRY ELEMENTS (KOHA)
Source of classification or shelving scheme
Koha item type Book
Holdings
Withdrawn status Lost status Source of classification or shelving scheme Damaged status Not for loan Permanent Location Current Location Shelving location Date acquired Total Checkouts Full call number Barcode Date last seen Price effective from Koha item type
          Pakistan Navy Engineering College (PNEC) Pakistan Navy Engineering College (PNEC)       620.106 GUP PNECLIB-006691 09/02/2015 09/02/2015 Book
© 2023 Central Library, National University of Sciences and Technology. All Rights Reserved.